000 00578nam a2200229Ia 4500
003 OSt
005 20221005124338.0
006 a|||||r|||| 00| 0
007 ta
008 221004b |||||||| |||| 00| 0 eng d
024 _a70605
037 _cTextual
040 _aCRL
_cCRL
_beng
041 _2eng
_aeng
082 _aY1:351.11a, J5.1
100 _aThompson Smith
_9635067
245 0 _aMotif index to folk literature
260 _c1955
650 _aSOCIOLOGY
942 _hY1:351.11a, J5.1
_cTEXL
_2cc
999 _c1050194
_d1050194